[Event "6.Griesheimer Schachtage 2010"]
[Site "Griesheim"]
[Date "2010.05.08"]
[Round "3.20"]
[White "Jacob, Achim"]
[Black "Neitzert, Volker"]
[Result "1/2-1/2"]
[WhiteElo "1636"]
[BlackElo "1789"]
[PlyCount "46"]
[EventDate "2010.05.08"]

1. Nf3 d5 2. e3 Nf6 3. b3 c5 4. Bb2 e6 5. Be2 Be7 6. O-O O-O 7. d4 b6 8. c4 Bb7
9. Nbd2 Nbd7 10. Rc1 Rc8 11. cxd5 exd5 12. Re1 Re8 13. dxc5 Bxc5 14. Nd4 Ne4
15. Nxe4 dxe4 16. Nf5 Nf6 17. Qxd8 Rcxd8 18. Red1 Kf8 19. Bb5 Rxd1+ 20. Rxd1
Rc8 21. g3 a6 22. Bxf6 gxf6 23. Be2 b5 1/2-1/2

[Event "6.Griesheimer Schachtage 2010"]
[Site "Griesheim"]
[Date "2010.05.08"]
[Round "3.21"]
[White "Makilla, Tobias"]
[Black "Heilmann, Jean-Michel"]
[Result "1-0"]
[WhiteElo "1897"]
[BlackElo "1328"]
[PlyCount "75"]
[EventDate "2010.05.08"]

1. e4 e6 2. d4 d5 3. Nd2 c5 4. exd5 exd5 5. Bb5+ Bd7 6. Qe2+ Qe7 7. Bxd7+ Nxd7
8. dxc5 Qxe2+ 9. Nxe2 Bxc5 10. Nb3 Ngf6 11. Nxc5 Nxc5 12. Be3 Ne6 13. f3 O-O
14. O-O b6 15. Rfd1 Rad8 16. Rd2 Rd7 17. Rad1 Rfd8 18. c3 b5 19. Bf2 a6 20. Bh4
g5 21. Bg3 Nh5 22. Bf2 f5 23. Bb6 Rb8 24. Ba5 Nf6 25. Ng3 Ng7 26. Nf1 Re8 27.
Kf2 f4 28. Rd3 Nf5 29. Nd2 Rde7 30. Bb6 Re2+ 31. Kf1 R2e6 32. Bd4 Ne3+ 33. Ke2
Nc2+ 34. Kf2 Re2+ 35. Kf1 Ne1 36. Ne4 Nxd3 (36... dxe4 37. Kxe2 exd3+ 38. Kf1
Nd5 $19) 37. Nxf6+ Kf7 38. Nxe8 1-0

[Event "6.Griesheimer Schachtage 2010"]
[Site "Griesheim"]
[Date "2010.05.08"]
[Round "3.22"]
[White "Diehm, Alexander"]
[Black "Beck, Michael  GRS"]
[Result "1-0"]
[WhiteElo "2070"]
[BlackElo "1589"]
[PlyCount "61"]
[EventDate "2010.05.08"]

1. d4 d5 2. e4 dxe4 3. Nc3 Nf6 4. f3 exf3 5. Qxf3 c6 6. Bd3 Bg4 7. Qf2 Qb6 8.
Nge2 Bxe2 9. Nxe2 e6 10. O-O Na6 11. Bg5 Be7 12. c3 Qa5 13. Qh4 h6 14. Bd2 Qh5
15. Qg3 Qg4 16. Qe3 Nd5 17. Qf2 O-O 18. Rae1 Bg5 19. Ng3 Bxd2 20. Qxd2 Nac7 21.
c4 Nb6 22. Rf4 Qg5 23. Ne4 Qe7 24. Nf6+ Kh8 25. Ref1 Nd7 26. Nh7 e5 27. dxe5
Rfd8 28. Rf6 Nxf6 29. exf6 Qc5+ 30. Kh1 g6 31. Qxh6 1-0

[Event "6.Griesheimer Schachtage 2010"]
[Site "Griesheim"]
[Date "2010.05.08"]
[Round "3.23"]
[White "Nothnagel, Manuel"]
[Black "Nagel, Erwin"]
[Result "0-1"]
[WhiteElo "1501"]
[BlackElo "1749"]
[PlyCount "98"]
[EventDate "2010.05.08"]

1. b3 e5 2. Bb2 d6 3. Nf3 Nf6 4. c4 Nc6 5. e3 Bf5 6. d3 g6 7. Be2 Bg7 8. Nbd2
Nb4 9. e4 Bg4 10. h3 Bxf3 11. Nxf3 c5 12. O-O O-O 13. a3 Nc6 14. Bc3 a5 15. Rb1
Qd7 16. b4 axb4 17. axb4 b6 18. b5 Nd4 19. Nxd4 exd4 20. Bd2 Ra2 21. f4 h6 22.
g4 Nh7 23. Bc1 Rfa8 24. Bb2 g5 25. Rf2 gxf4 26. Rxf4 Be5 27. Rf5 Bf6 28. Qf1
Bg5 29. Bf3 Be3+ 30. Kh1 Re8 31. Bc1 Rf2 32. Qe1 Qa7 33. Bxe3 dxe3 34. Be2 Qa2
35. Rxf2 exf2 36. Qf1 Re6 37. Ra1 Qb2 38. Ra8+ Kg7 39. Qxf2 Rf6 40. Qe3 Qb1+
41. Kg2 Qe1 42. Ra2 Ng5 43. Qg3 Qc1 44. e5 dxe5 45. Qxe5 Ne6 46. h4 Nf4+ 47.
Kh2 Qe1 48. Qe3 Qxh4+ 49. Kg1 Nh3+ 0-1

[Event "6.Griesheimer Schachtage 2010"]
[Site "Griesheim"]
[Date "2010.05.08"]
[Round "3.24"]
[White "Freund, Karlheinz"]
[Black "Urbach, Jens"]
[Result "1/2-1/2"]
[WhiteElo "1954"]
[BlackElo "927"]
[PlyCount "68"]
[EventDate "2010.05.08"]

1. d4 d5 2. Nc3 Nf6 3. Bg5 c6 4. Qd2 h6 5. Bh4 Ne4 6. Nxe4 dxe4 7. e3 g5 8. Bg3
Bg7 9. h4 Bf6 10. Ne2 Be6 11. Nc3 Bf5 12. hxg5 Bxg5 13. O-O-O O-O 14. Bc4 b5
15. Bb3 Kh7 16. Ne2 Bg4 17. Rh2 a5 18. c3 a4 19. Bc2 Qd5 20. Kb1 Be6 21. a3
Qa2+ 22. Kc1 Qa1+ 23. Bb1 f5 24. Rdh1 Ba2 25. Qc2 Bb3 26. Bf4 Bxf4 27. Nxf4 Rf6
28. Qd2 Ba2 29. Qc2 Bb3 30. Qe2 Ba2 31. Rxh6+ Kg7 32. Rh7+ Kg8 33. Rh8+ Kg7 34.
R8h7+ Kg8 1/2-1/2

[Event "6.Griesheimer Schachtage 2010"]
[Site "Griesheim"]
[Date "2010.05.08"]
[Round "3.25"]
[White "Breining, Anton"]
[Black "Storkebaum, Ulrike"]
[Result "0-1"]
[WhiteElo "1440"]
[BlackElo "1867"]
[PlyCount "100"]
[EventDate "2010.05.08"]

1. e4 e5 2. Nf3 Nf6 3. Bc4 Nc6 4. Nc3 Bc5 5. h3 d6 6. d3 Na5 7. Bb3 Nxb3 8.
axb3 a6 9. O-O h6 10. Re1 O-O 11. Na4 Ba7 12. Be3 c5 13. c4 b5 14. Nc3 Qd7 15.
Nh2 Rb8 16. Ra2 bxc4 17. bxc4 Bb6 18. b3 Bc7 19. Ree2 Qc6 20. Ra3 Re8 21. Rea2
Bb7 22. Ng4 Re6 23. Nd5 Bd8 24. Ngxf6+ Bxf6 25. Qg4 Bd8 26. f4 exf4 27. Bxf4
Rg6 28. Qf3 Qd7 29. Rf2 Bxd5 30. cxd5 Bf6 31. Kh2 Bd4 32. Be3 Be5+ 33. Kh1 Rg3
34. Qe2 Qb5 35. Rf3 Rg6 36. Qc2 Qb4 37. Qc1 Qb7 38. Bd2 Kh7 39. Bc3 Qe7 40.
Bxe5 dxe5 41. Qf1 c4 42. Ra1 cxb3 43. Rxf7 Qg5 44. Rf5 Qg3 45. Qf3 b2 46. Rb1
a5 47. Qxg3 Rxg3 48. Rf3 Rxf3 49. gxf3 a4 50. d6 a3 0-1

[Event "6.Griesheimer Schachtage 2010"]
[Site "Griesheim"]
[Date "2010.05.08"]
[Round "3.27"]
[White "Khrapko, Marko"]
[Black "Laue, Thomas"]
[Result "1/2-1/2"]
[WhiteElo "1335"]
[BlackElo "1908"]
[PlyCount "67"]
[EventDate "2010.05.08"]

1. e4 e5 2. Nf3 Nc6 3. Bc4 Bc5 4. c3 Nf6 5. d3 d6 6. Be3 Bxe3 7. fxe3 O-O 8.
O-O Be6 9. Bb3 d5 10. exd5 Bxd5 11. Bxd5 Nxd5 12. Qe1 Qd7 13. Na3 f5 14. e4 Nf4
15. Rd1 Qe6 16. exf5 Rxf5 17. Qe4 Ng6 18. Qc4 Qxc4 19. Nxc4 Rd8 20. Rfe1 b5 21.
Ne3 Rf7 22. Ng4 Re7 23. Nf2 Red7 24. g3 Rf8 25. Ng5 h6 26. Nge4 a5 27. a3 b4
28. axb4 axb4 29. Nc5 Rd5 30. Nfe4 Ra8 31. Ra1 Rb8 32. Na6 Rb7 33. Nac5 Rb8 34.
Na6 1/2-1/2

[Event "6.Griesheimer Schachtage 2010"]
[Site "Griesheim"]
[Date "2010.05.08"]
[Round "3.28"]
[White "Meisinger, Herbert"]
[Black "Kotzian, Ewald"]
[Result "0-1"]
[WhiteElo "1185"]
[BlackElo "1645"]
[PlyCount "68"]
[EventDate "2010.05.08"]

1. d4 b6 2. e4 Bb7 3. Nc3 e6 4. Nf3 Bb4 5. a3 Bxc3+ 6. bxc3 Bxe4 7. Bd3 Nf6 8.
Bg5 Bxd3 9. cxd3 h6 10. Bh4 g5 11. Bg3 Nh5 12. Ne5 Nxg3 13. fxg3 Nc6 14. Qf3
Nxe5 15. dxe5 O-O 16. Qf6 Qxf6 17. exf6 Kh7 18. Kd2 Kg6 19. Raf1 Rfe8 20. g4 e5
21. h4 gxh4 22. Rf5 Re6 23. Rxh4 Rxf6 24. Rfh5 Rh8 25. g5 Rf2+ 26. Ke3 Rxg2 27.
Rxh6+ Rxh6 28. gxh6 Kh7 29. Rh5 f6 30. Ke4 Rg5 31. Rh3 c6 32. Rf3 d5+ 33. Ke3
f5 34. d4 f4+ 0-1

[Event "6.Griesheimer Schachtage 2010"]
[Site "Griesheim"]
[Date "2010.05.08"]
[Round "3.29"]
[White "Perske, Thore"]
[Black "Spitzl, Vinzent"]
[Result "1/2-1/2"]
[WhiteElo "1659"]
[BlackElo "1711"]
[PlyCount "123"]
[EventDate "2010.05.08"]

1. e4 e5 2. Nf3 Nf6 3. Nxe5 d6 4. Nf3 Nxe4 5. Nc3 Nxc3 6. dxc3 Be7 7. Bd3 O-O
8. Be3 Bg4 9. h3 Bh5 10. O-O Nc6 11. Be2 Re8 12. Qd5 Bg6 13. Ba6 Rb8 14. b3 Qd7
15. Bb5 Bf6 16. Qd2 a6 17. Bc4 b5 18. Be2 b4 19. Rab1 Bxc3 20. Qd1 a5 21. Bc4
h6 22. Nh4 Bh7 23. Nf3 Ne5 24. Nxe5 Rxe5 25. Bd2 Bxd2 26. Qxd2 Rbe8 27. Ra1 Bf5
28. f3 Be6 29. Bxe6 Qxe6 30. Rac1 Re2 31. Qd3 Qe3+ 32. Qxe3 R8xe3 33. Rf2 Re1+
34. Rf1 Rxc1 35. Rxc1 f5 36. Kf2 f4 37. g3 g5 38. gxf4 gxf4 39. Rg1+ Kh7 40.
Rd1 Rc3 41. Rd2 Kg6 42. Kg2 Kf6 43. Kf2 Rc5 44. Re2 Kg5 45. Rd2 Kf6 46. Re2 Re5
47. Rd2 Ke6 48. Rd4 Rf5 49. Ke2 c5 50. Rc4 Re5+ 51. Kf2 Kf5 52. c3 Re8 53. cxb4
axb4 54. Rc2 Rc8 55. Rd2 Ke6 56. Re2+ Kd7 57. Re4 Rf8 58. Ke2 d5 59. Re5 Kd6
60. Rh5 Rf6 61. Kd3 Kc6 62. Re5 1/2-1/2

[Event "6.Griesheimer Schachtage 2010"]
[Site "Griesheim"]
[Date "2010.05.08"]
[Round "3.30"]
[White "Rothermel, Tim"]
[Black "Storch, Markus"]
[Result "1-0"]
[WhiteElo "1763"]
[BlackElo "1230"]
[PlyCount "69"]
[EventDate "2010.05.08"]

1. e4 c5 2. Nc3 e6 3. f4 b6 4. Nf3 Bb7 5. Be2 d5 6. d3 d4 7. Nb1 Nd7 8. c3 dxc3
9. Nxc3 f5 10. Qb3 Qe7 11. Nb5 Kd8 12. Ng5 c4 13. Qxc4 Rc8 14. Nxe6+ Ke8 15.
Nbc7+ Rxc7 16. Nxc7+ Kd8 17. Nd5 Bxd5 18. Qxd5 Qb4+ 19. Bd2 Qxb2 20. Qa8+ Ke7
21. Rc1 Qxa2 22. Bb4+ Nc5 23. exf5 Kf7 24. d4 Nd3+ 25. Bxd3 Bxb4+ 26. Kf1 Qa3
27. Rc7+ Ne7 28. Qd5+ Ke8 29. Qd7+ Kf7 30. Qe6+ Kf8 31. Ke2 Bd6 32. Rc2 Bxf4
33. Bb5 g5 34. Qf6+ Kg8 35. Bc4+ 1-0

[Event "6.Griesheimer Schachtage 2010"]
[Site "Griesheim"]
[Date "2010.05.08"]
[Round "3.31"]
[White "Gloeckner, Hank"]
[Black "Mueck, Reinhold"]
[Result "1-0"]
[WhiteElo "1373"]
[BlackElo "1018"]
[PlyCount "75"]
[EventDate "2010.05.08"]

1. Nc3 d5 2. Nf3 e6 3. g4 b6 4. g5 Bb7 5. d4 Nc6 6. Bg2 Bd6 7. h4 Nge7 8. a3
Qd7 9. Qd3 O-O-O 10. Bd2 Ng6 11. e3 Nge7 12. b4 f5 13. Na4 Ng6 14. b5 Nce7 15.
h5 Nf8 16. Nc3 Kb8 17. Ke2 Nc8 18. Rhb1 Qe8 19. Rh1 Nd7 20. Na2 Qf7 21. a4 Rde8
22. Bb4 e5 23. Qa3 exd4 24. Nxd4 f4 25. Bxd6 Nxd6 26. Nb4 Nc4 27. Ndc6+ Ka8 28.
Bxd5 Qf5 29. Qd3 Qxd3+ 30. cxd3 Nce5 31. d4 Ng4 32. Na6 Bxa6 33. bxa6 fxe3 34.
f3 Nf2 35. Rh4 Rhf8 36. Ne5+ Kb8 37. Nxd7+ Kc8 38. Nxf8 1-0

[Event "6.Griesheimer Schachtage 2010"]
[Site "Griesheim"]
[Date "2010.05.08"]
[Round "3.32"]
[White "Grimm, Julius"]
[Black "Struwecker, Sigurd"]
[Result "1-0"]
[WhiteElo "1394"]
[BlackElo "1405"]
[PlyCount "59"]
[EventDate "2010.05.08"]

1. d4 Nf6 2. c4 e6 3. g3 d5 4. Nf3 Be7 5. Bg2 O-O 6. O-O c5 7. Qc2 cxd4 8. Nxd4
Nc6 9. Rd1 Nxd4 10. Rxd4 Qb6 11. Be3 Bc5 12. Rd3 d4 13. Bg5 e5 14. Rb3 Qa6 15.
Bxf6 Qxf6 16. Bxb7 Bxb7 17. Rxb7 d3 18. exd3 Qxf2+ 19. Qxf2 Bxf2+ 20. Kxf2 Rfd8
21. Ke3 Rd4 22. Nc3 Rad8 23. Rd1 a6 24. Nd5 g6 25. Rf1 f5 26. Nf6+ Kf8 27.
Nxh7+ Ke8 28. Nf6+ Kf8 29. Nd5 e4 30. Kxd4 1-0

[Event "6.Griesheimer Schachtage 2010"]
[Site "Griesheim"]
[Date "2010.05.09"]
[Round "4.1"]
[White "Barthel, Ansgar"]
[Black "Grabarczyk, Bogdan"]
[Result "0-1"]
[WhiteElo "2206"]
[BlackElo "2433"]
[PlyCount "74"]
[EventDate "2010.05.09"]

1. e4 c5 2. b3 b6 3. Bb2 Bb7 4. Nc3 e6 5. Qf3 Nc6 6. O-O-O d6 7. Qg3 Nf6 8. Re1
a6 9. Nf3 Qc7 10. h4 O-O-O 11. h5 h6 12. Kb1 d5 13. e5 Nd7 14. Ne2 d4 15. Nc1
f6 16. Bc4 Ndxe5 17. Bxe6+ Kb8 18. Nh4 Bd6 19. f4 Nd7 20. Qxg7 Bxf4 21. Ng6
Rhe8 22. Nxf4 Qxf4 23. Bxd7 Rxe1 24. Rxe1 Qc7 25. Qxh6 Qxd7 26. Qxf6 Rg8 27. h6
Qh7 28. Nd3 Rg6 29. Qf4+ Ka7 30. Rh1 Rxg2 31. Bc1 Rg6 32. Rh5 Re6 33. Nf2 Nb4
34. d3 Re2 35. Qf5 Qe7 36. h7 Rxc2 37. h8=Q Qe2 0-1

[Event "6.Griesheimer Schachtage 2010"]
[Site "Griesheim"]
[Date "2010.05.09"]
[Round "4.2"]
[White "Boidman, Yuri"]
[Black "Minor, Samuel"]
[Result "1-0"]
[WhiteElo "2409"]
[BlackElo "2183"]
[PlyCount "91"]
[EventDate "2010.05.09"]

1. e4 e6 2. Qe2 c5 3. Nf3 Nc6 4. g3 g6 5. Bg2 Bg7 6. O-O d6 7. Nc3 Nge7 8. d3
O-O 9. Be3 Rb8 10. a4 a6 11. Qd2 e5 12. Bh6 b5 13. axb5 axb5 14. Bxg7 Kxg7 15.
Nh4 Nd4 16. f4 exf4 17. gxf4 b4 18. Ne2 Nxe2+ 19. Qxe2 Nc6 20. Qf2 Qf6 21. e5
dxe5 22. Bxc6 Qxc6 23. fxe5 Rb6 24. Qf6+ Qxf6 25. exf6+ Rxf6 26. Rxf6 Kxf6 27.
Ra5 g5 28. Ng2 b3 29. Rxc5 bxc2 30. Rxc2 Be6 31. Kf2 Rb8 32. d4 Kf5 33. Re2 Rb5
34. Ne3+ Ke4 35. Rd2 Rb3 36. Nd1 Rf3+ 37. Ke1 Bc4 38. Nc3+ Kf5 39. Rf2 Kf4 40.
b4 g4 41. Rxf3+ Kxf3 42. b5 h5 43. b6 Ba6 44. d5 h4 45. Ne2 g3 46. Nxg3 1-0

[Event "6.Griesheimer Schachtage 2010"]
[Site "Griesheim"]
[Date "2010.05.09"]
[Round "4.3"]
[White "Zuyev, Igor"]
[Black "Schlapp, Thomas"]
[Result "1/2-1/2"]
[WhiteElo "2329"]
[BlackElo "2284"]
[PlyCount "93"]
[EventDate "2010.05.09"]

1. e4 c6 2. d4 d5 3. exd5 cxd5 4. Bd3 Nc6 5. c3 Nf6 6. Bf4 g6 7. Nd2 Bf5 8.
Bxf5 gxf5 9. Qb3 Qd7 10. Ne2 Bg7 11. O-O O-O 12. Ng3 Rac8 13. Rfe1 e6 14. a4
Na5 15. Qb5 Nc4 16. Nxc4 Rxc4 17. Nh5 Qxb5 18. Nxf6+ Bxf6 19. axb5 Ra8 20. Kf1
Rcc8 21. Ra4 Bd8 22. Ke2 f6 23. Kd3 Kf7 24. b3 Bb6 25. c4 dxc4+ 26. bxc4 Rd8
27. Ke2 Bxd4 28. Be3 Bxe3 29. Kxe3 a6 30. Rea1 Rac8 31. bxa6 bxa6 32. Rb4 Rc6
33. Ra5 e5 34. f4 Rd4 35. Rb7+ Kg6 36. fxe5 Re4+ 37. Kf3 fxe5 38. Rd5 Rf4+ 39.
Ke3 Rfxc4 40. Rxe5 Rc2 41. Re8 R6c3+ 42. Kd4 Rc7 43. Rxc7 Rxc7 44. Re6+ Kg5 45.
Rxa6 Rc2 46. Ra7 h6 47. Ke3 1/2-1/2

[Event "6.Griesheimer Schachtage 2010"]
[Site "Griesheim"]
[Date "2010.05.09"]
[Round "4.4"]
[White "Hoeck, Raimund"]
[Black "Gramlich, Sebastian"]
[Result "0-1"]
[WhiteElo "2049"]
[BlackElo "2269"]
[PlyCount "94"]
[EventDate "2010.05.09"]

1. d4 d5 2. c4 e6 3. Nf3 Nf6 4. e3 Be7 5. Nc3 O-O 6. Qc2 c5 7. dxc5 Bxc5 8. Bd3
Nc6 9. O-O Nb4 10. Qe2 Nxd3 11. Qxd3 dxc4 12. Qxc4 Be7 13. Rd1 Qa5 14. e4 b5
15. Qxb5 Qxb5 16. Nxb5 Nxe4 17. Bf4 a6 18. Nd6 Nxd6 19. Bxd6 Bxd6 20. Rxd6 Bb7
21. Ne5 Bd5 22. Ng4 Rfd8 23. Rxd8+ Rxd8 24. Ne3 Kf8 25. Rd1 Ke7 26. Nxd5+ exd5
27. Kf1 Ke6 28. Ke2 Rb8 29. Rd2 h5 30. h4 f6 31. Rc2 Kd6 32. b3 Re8+ 33. Kf3 g5
34. hxg5 fxg5 35. Rc1 d4 36. b4 g4+ 37. Kg3 Re5 38. Rc8 Rd5 39. Kf4 Kd7 40. Rc2
d3 41. Rd2 Kc6 42. Ke4 h4 43. f4 h3 44. gxh3 gxh3 45. Kf3 Kb5 46. a3 Kc4 47.
Ke3 Kc3 0-1

[Event "6.Griesheimer Schachtage 2010"]
[Site "Griesheim"]
[Date "2010.05.09"]
[Round "4.5"]
[White "Hahn, Werner"]
[Black "Kaulfuss, Helmut"]
[Result "1-0"]
[WhiteElo "2155"]
[BlackElo "2199"]
[PlyCount "79"]
[EventDate "2010.05.09"]

1. d4 Nc6 2. Nf3 d6 3. c4 Nf6 4. g3 e5 5. d5 Ne7 6. Bg2 Ng6 7. O-O Be7 8. Nc3
Bd7 9. Qc2 Qc8 10. Rd1 Bh3 11. Bh1 h5 12. Bg5 Ng8 13. Be3 h4 14. c5 dxc5 15.
Ne4 b6 16. d6 cxd6 17. Nxd6+ Bxd6 18. Rxd6 hxg3 19. fxg3 Nf6 20. Ng5 Bf5 21.
Qa4+ Bd7 22. Qc4 O-O 23. Bxa8 Qxa8 24. Rad1 Qb7 25. Ne4 Be6 26. Nxf6+ gxf6 27.
Qd3 c4 28. Qd2 Qe4 29. Rf1 Bh3 30. Rf3 f5 31. Bh6 Re8 32. a3 Kh7 33. Bg5 Bg4
34. Rf2 f4 35. Qd5 Qf5 36. gxf4 Bh3 37. Rf3 Bg4 38. e4 Nxf4 39. exf5 Nxd5 40.
Rg3 1-0

[Event "6.Griesheimer Schachtage 2010"]
[Site "Griesheim"]
[Date "2010.05.09"]
[Round "4.6"]
[White "Tominski, Norbert"]
[Black "Klundt, Klaus"]
[Result "1/2-1/2"]
[WhiteElo "1921"]
[BlackElo "2353"]
[PlyCount "127"]
[EventDate "2010.05.09"]

1. d4 Nf6 2. Nf3 g6 3. c4 Bg7 4. Nc3 O-O 5. e4 d6 6. Be2 e5 7. dxe5 dxe5 8. Bg5
Nbd7 9. Nd5 h6 10. Nxf6+ Nxf6 11. Qxd8 Rxd8 12. Bxf6 Bxf6 13. O-O b6 14. Rfd1
Bb7 15. Bd3 Rd7 16. Kf1 Rad8 17. Ke2 Bg7 18. Bc2 f6 19. Rxd7 Rxd7 20. Rd1 Rxd1
21. Kxd1 Bf8 22. Ke2 Kf7 23. Ne1 Bc5 24. f3 Ke6 25. Nd3 Bg1 26. h3 Kd6 27. Nb4
c6 28. Nd3 a5 29. a4 Bd4 30. b3 Bc8 31. Ne1 Be6 32. Nd3 h5 33. Kd2 Bd7 34. Ke2
Ke6 35. Kd2 h4 36. Ke2 Kd6 37. Kd2 Bc8 38. Bb1 f5 39. Ke2 g5 40. Ne1 f4 41. Nd3
Bc3 42. Kf2 Be6 43. Ba2 b5 44. Ke2 Bd4 45. Kd2 Be3+ 46. Ke2 Bd7 47. Ke1 Bc8 48.
Ke2 Bd4 49. Kd2 g4 50. fxg4 Bxg4 51. Ne1 Be3+ 52. Kd3 Bd1 53. Nf3 bxa4 54. bxa4
Bf2 55. Kc3 c5 56. Bb1 Bxa4 57. Bc2 Bd4+ 58. Kd2 Bc6 59. Kc1 Bf2 60. Kb2 Ke6
61. Ka3 Kf6 62. Bd3 Be8 63. Bc2 Ke6 64. Ba4 1/2-1/2

[Event "6.Griesheimer Schachtage 2010"]
[Site "Griesheim"]
[Date "2010.05.09"]
[Round "4.7"]
[White "Prenzler, Daniel"]
[Black "Geringer, Waldemar"]
[Result "1-0"]
[WhiteElo "2184"]
[BlackElo "1949"]
[PlyCount "55"]
[EventDate "2010.05.09"]

1. Nf3 Nf6 2. Nc3 d5 3. d4 g6 4. Bf4 c6 5. Ne5 Bg7 6. Qd2 O-O 7. Bh6 Nbd7 8.
Bxg7 Kxg7 9. f4 Qc7 10. O-O-O c5 11. e3 c4 12. g4 e6 13. g5 Ng8 14. h4 f6 15.
Nf3 fxg5 16. hxg5 Rf7 17. Bh3 Re7 18. Qh2 Kf8 19. Ne5 Nxe5 20. fxe5 Bd7 21.
Rdf1+ Ke8 22. Qf2 Kd8 23. Qf8+ Re8 24. Qg7 Kc8 25. Rf7 Qd8 26. Bg4 Re7 27. Rxh7
Rxf7 28. Qxf7 1-0

[Event "6.Griesheimer Schachtage 2010"]
[Site "Griesheim"]
[Date "2010.05.09"]
[Round "4.8"]
[White "Ahrends, Norbert"]
[Black "Leiter, Thomas"]
[Result "0-1"]
[WhiteElo "2034"]
[BlackElo "2076"]
[PlyCount "110"]
[EventDate "2010.05.09"]

1. d4 Nf6 2. c4 e6 3. Nf3 b6 4. g3 Ba6 5. Qa4 c5 6. Bg2 Bb7 7. O-O Be7 8. dxc5
bxc5 9. Nc3 O-O 10. Bf4 Qb6 11. Rfd1 Nc6 12. Qb5 Qxb5 13. Nxb5 Na5 14. Nd6 Bc6
15. b3 Ne8 16. Rd2 g5 17. Nxg5 Nxd6 18. Rxd6 Bxd6 19. Bxd6 Rfc8 20. Ne4 Nb7 21.
Be5 d6 22. Nxd6 Nxd6 23. Bxd6 Bxg2 24. Kxg2 Rc6 25. Be7 Re8 26. Bg5 Ra6 27. Be3
Rb8 28. Bxc5 Rxb3 29. axb3 Rxa1 30. b4 a6 31. Bb6 Rc1 32. c5 Rc4 33. Ba5 Kg7
34. Kf3 Kf6 35. Ke3 Ke5 36. Kd3 Kd5 37. f3 Rd4+ 38. Ke3 e5 39. g4 Rd1 40. h4
Rh1 41. h5 Rd1 42. Bc7 Rb1 43. Ba5 Rb3+ 44. Kf2 Rc3 45. Kg3 e4 46. Kf4 e3 47.
g5 Rb3 48. Kg4 Rb2 49. f4 Ke4 50. c6 Rxe2 51. Bb6 Rg2+ 52. Kh3 Rc2 53. Bc5 e2
54. c7 e1=Q 55. c8=Q Qh1+ 0-1

[Event "6.Griesheimer Schachtage 2010"]
[Site "Griesheim"]
[Date "2010.05.09"]
[Round "4.9"]
[White "Bahlke, Wolfgang"]
[Black "Beck, Michael  HDS"]
[Result "1-0"]
[WhiteElo "2126"]
[BlackElo "1813"]
[PlyCount "139"]
[EventDate "2010.05.09"]

1. c4 Nf6 2. g3 g6 3. Bg2 Bg7 4. Nc3 O-O 5. b4 e5 6. Bb2 d6 7. d3 Nbd7 8. e3
Re8 9. Qc2 Nf8 10. Nge2 c6 11. O-O d5 12. b5 h5 13. h4 Be6 14. bxc6 bxc6 15.
Na4 N8d7 16. Rab1 Qe7 17. Ba1 Reb8 18. Rb3 Rxb3 19. axb3 Qd6 20. Bb2 Ne8 21.
Ra1 Qc7 22. b4 Rd8 23. Rc1 dxc4 24. dxc4 Nb6 25. Nxb6 axb6 26. c5 b5 27. Nc3
Nf6 28. Ra1 Qb7 29. Ra5 Nd5 30. Nxd5 Bxd5 31. e4 Bc4 32. Bc3 Ra8 33. Rxa8+ Qxa8
34. Bh3 Qe8 35. Qd2 Be6 36. Bf1 Qd7 37. Qxd7 Bxd7 38. f4 f6 39. Kf2 Bg4 40. Bd3
Kf7 41. f5 gxf5 42. exf5 Ke7 43. Be4 Kd7 44. Bf3 Bxf5 45. Bxh5 Bh6 46. Kf3 Bc2
47. Bg4+ Ke7 48. Bc8 Kd8 49. Be6 Ke7 50. Bc8 Kd8 51. Bh3 Ke7 52. Bg2 Ke6 53.
Kg4 Bd1+ 54. Kh3 Kd7 55. Be4 Bb3 56. Kg4 Bd5 57. Bf5+ Be6 58. Bxe6+ Kxe6 59.
Kh5 Be3 60. Kg6 f5 61. h5 f4 62. gxf4 exf4 63. h6 f3 64. h7 f2 65. h8=Q f1=Q
66. Qe5+ Kd7 67. Qd6+ Ke8 68. Qxc6+ Kf8 69. Bg7+ Ke7 70. Bf6+ 1-0

[Event "6.Griesheimer Schachtage 2010"]
[Site "Griesheim"]
[Date "2010.05.09"]
[Round "4.10"]
[White "Diehl, Werner"]
[Black "Reinert, Stephane"]
[Result "1/2-1/2"]
[WhiteElo "2090"]
[BlackElo "2099"]
[PlyCount "53"]
[EventDate "2010.05.09"]

1. d4 Nc6 2. e4 e5 3. dxe5 Nxe5 4. Nf3 Nxf3+ 5. Qxf3 Bc5 6. Nc3 Ne7 7. Bg5 f6
8. Bf4 O-O 9. Qg3 d6 10. O-O-O Be6 11. h4 Ng6 12. h5 Nxf4 13. Qxf4 Qe7 14. Bd3
a6 15. Qg3 Qf7 16. a3 b5 17. f4 b4 18. axb4 Bxb4 19. Nd5 Ba5 20. h6 g6 21. f5
Bxd5 22. fxg6 Qxg6 23. Qxg6+ hxg6 24. exd5 f5 25. c3 Rfe8 26. Kd2 Bb6 27. Rde1
1/2-1/2

[Event "6.Griesheimer Schachtage 2010"]
[Site "Griesheim"]
[Date "2010.05.09"]
[Round "4.11"]
[White "Lenhardt, Manfred"]
[Black "Mager, Thomas"]
[Result "1-0"]
[WhiteElo "2149"]
[BlackElo "1843"]
[PlyCount "53"]
[EventDate "2010.05.09"]

1. d4 f5 2. Nf3 Nf6 3. e3 g6 4. Bd3 Bg7 5. Nbd2 O-O 6. Qe2 d5 7. Ne5 Nbd7 8. f4
c5 9. c3 c4 10. Bc2 Nxe5 11. dxe5 Ne4 12. Nf3 b5 13. a4 Qb6 14. axb5 Qxb5 15.
Nd4 Qb7 16. O-O Bd7 17. g4 Qc7 18. gxf5 Bxf5 19. Nxf5 Rxf5 20. Bxe4 dxe4 21.
Ra4 Rc8 22. Rd1 g5 23. Rd4 Bxe5 24. Raxc4 Bxd4 25. Rxc7 Rxc7 26. exd4 gxf4 27.
Qg4+ 1-0

[Event "6.Griesheimer Schachtage 2010"]
[Site "Griesheim"]
[Date "2010.05.09"]
[Round "4.12"]
[White "Holter, Bernd"]
[Black "Makilla, Tobias"]
[Result "1/2-1/2"]
[WhiteElo "1949"]
[BlackElo "1897"]
[PlyCount "48"]
[EventDate "2010.05.09"]

1. Nf3 Nc6 2. c4 e5 3. Nc3 Bc5 4. e3 d6 5. d4 exd4 6. exd4 Bb6 7. Be2 Nge7 8.
Bf4 Ng6 9. Be3 O-O 10. a3 a5 11. Nd5 Ba7 12. O-O f5 13. Qd2 Be6 14. Nf4 Bf7 15.
b4 axb4 16. axb4 Qf6 17. Nh3 f4 18. Nxf4 Nxf4 19. Bxf4 Nxd4 20. Nxd4 Bxd4 21.
Rxa8 Rxa8 22. Bg5 Qg6 23. Bd3 Qh5 24. Be2 Qg6 1/2-1/2

[Event "6.Griesheimer Schachtage 2010"]
[Site "Griesheim"]
[Date "2010.05.09"]
[Round "4.13"]
[White "Dankesreiter, Arne"]
[Black "Tierling, Detlef"]
[Result "0-1"]
[WhiteElo "2002"]
[BlackElo "2028"]
[PlyCount "38"]
[EventDate "2010.05.09"]

1. c4 b6 2. Nc3 Bb7 3. e4 e6 4. Nge2 c5 5. d3 Nc6 6. Bf4 a6 7. g3 g5 8. Be3 Bg7
9. Bg2 Nd4 10. O-O h5 11. f4 g4 12. Bf2 h4 13. Nxd4 hxg3 14. hxg3 Bxd4 15. Bxd4
cxd4 16. Ne2 Qf6 17. e5 Qh6 18. Kf2 (18. Rf2 Qh1+ 19. Bxh1 Rxh1#) 18... Bxg2
19. Kxg2 Qh2# 0-1

[Event "6.Griesheimer Schachtage 2010"]
[Site "Griesheim"]
[Date "2010.05.09"]
[Round "4.14"]
[White "Bitzer, Andre"]
[Black "Diehm, Alexander"]
[Result "0-1"]
[WhiteElo "1720"]
[BlackElo "2070"]
[PlyCount "66"]
[EventDate "2010.05.09"]

1. b3 e6 2. Bb2 f5 3. e3 Nf6 4. c4 b6 5. Nf3 Bb7 6. g3 d6 7. Bg2 Nbd7 8. O-O h6
9. Nh4 Bxg2 10. Kxg2 g5 11. Ng6 Rg8 12. Nxf8 Kxf8 13. d4 Ke7 14. Nd2 Qe8 15.
Qe2 Nh7 16. Rae1 Ndf6 17. e4 f4 18. g4 Rf8 19. h3 Qf7 20. f3 Nd7 21. e5 dxe5
22. dxe5 Rfd8 23. Rd1 Nhf8 24. Rfe1 Ng6 25. Nb1 h5 26. Na3 Nc5 27. Qc2 hxg4 28.
hxg4 Qh7 29. Qe2 Nd3 30. Rh1 Nh4+ 31. Kf1 Nxb2 32. Rxd8 Rxd8 33. Qxb2 Rd1+ 0-1

[Event "6.Griesheimer Schachtage 2010"]
[Site "Griesheim"]
[Date "2010.05.09"]
[Round "4.15"]
[White "Storkebaum, Ulrike"]
[Black "Gutacker, Stephan"]
[Result "1-0"]
[WhiteElo "1867"]
[BlackElo "1936"]
[PlyCount "79"]
[EventDate "2010.05.09"]

1. e4 e5 2. Nf3 Nc6 3. d4 exd4 4. Nxd4 Bc5 5. Be3 Qf6 6. c3 Nge7 7. g3 d5 8.
Bg2 dxe4 9. Nd2 Bxd4 10. Nxe4 Qg6 11. cxd4 Bf5 12. Nc3 O-O 13. O-O Rad8 14. a3
Rfe8 15. Rc1 Bd3 16. Re1 b6 17. d5 Na5 18. Bf4 Rd7 19. Re3 Bf5 20. Qa4 Red8 21.
Rce1 Kf8 22. h4 c5 23. Qb5 Nb7 24. Qe2 Re8 25. h5 Qg4 26. h6 Qxe2 27. hxg7+
Kxg7 28. R3xe2 Kf6 29. Be5+ Kg6 30. Bf4 Kf6 31. Bf3 Rg8 32. Be5+ Kg6 33. Kh2 f6
34. Bf4 Kf7 35. d6 Ng6 36. Bd5+ Kg7 37. Bxg8 Kxg8 38. Nd5 Kf7 39. Re7+ Nxe7 40.
dxe7 1-0